000 00619nam a2200181 i 4500
001 51395
003 ES-MaACL
005 20230906162343.0
007 t|
008 030812s1947 ag ||||1| spa d
100 1 _aDaien, Samuel.
_942454
245 1 0 _aRégimen jurídico y social de la libertad condicional /
_cSamuel Daien ; estudio crítico de Luis Jiménez de Asúa.
260 _aBuenos Aires :
_bEdit. Bibliográfica Española,
_c1947 (
_fMacagno)
300 _a335 p. ;
_c23 cm.
700 1 _aJiménez de Asúa, Luis,
_d1889-1970
_966491
852 _aES-MaACL
_jD-6922
_bR.31702
999 _c51395
_d51395